=LDR 00000nam 2200000 4500 =001 INLIS000000000057383 =005 20201228093027 =035 ##$$a 0010-1220000284 =007 ta =008 201228###########################0#ind## =020 ##$$a 978-979-072-060-2 =082 ##$$a 305.2 =084 ##$$a 305.2 Yuy s =245 1#$$a Save our girls /$c Yuyu Wahyoedin Kusnadi, Lc =300 ##$$a 102 halaman ; $c 20 cm =650 #4$$a Remaja =264 ##$$a Solo :$b Inti medina,$c 2010 =336 ##$$a teks$2 rdacontent =337 ##$$a lain-lain$2 rdamedia =338 ##$$a lain-lain$2 rdacarrier =990 ##$$a 38123812